Science Quiz

Random Science or Animal Quiz
Score 0/20 Timer 06:00
2 Plays Today
Answer % Correct
Chimpanzee
90.8%
Rhinoceros
87.6%
Woodpecker
81.7%
Roadrunner
76.8%
Flying Fish
72.7%
Hermit Crab
67.1%
Vampire Bat
62.9%
Salamander
61.3%
Sperm Whale
57.8%
Prairie Dog
55.5%
Answer % Correct
Kingfisher
54%
Whale Shark
51.7%
Chinchilla
50.6%
Wildebeest
49%
Anglerfish
39.3%
Timberwolf
28.6%
Cottontail
27.5%
Mudskipper
27.1%
Guinea Fowl
20.6%
Hartebeest
6%
Remove Ads.
Support Sporcle.
Get the best of Sporcle when you Go Orange. This ad-free experience offers more features, more stats, and more fun while also helping to support Sporcle. Thank you for becoming a member.

You're not logged in!

Compare scores with friends on all Sporcle quizzes.
OR
Log In

Show Comments

Extras

Top Quizzes Today


Score Distribution

Your Account Isn't Verified!

In order to create a playlist on Sporcle, you need to verify the email address you used during registration. Go to your Sporcle Settings to finish the process.

Report this User

Report this user for behavior that violates our Community Guidelines.

Details: